Statistics for Italian Cities by Clue

Click here to take the quiz!

General Stats

  • This quiz has been taken 93 times
  • The average score is 14 of 22

Answer Stats

CluesItalian City% Correct
Leaning Tower, Galileo, FibonacciPisa
100%
Risotto, Inter, FashionMilan
93%
Canal, Vaporetto, RialtoVenice
83%
Sauce, Oldest University, TowersBologna
80%
Eternal, Tiber, Seven HillsRome
80%
Margherita, Vesuvius, MaradonaNaples
76%
Sicily, Rosalia, BorsellinoPalermo
76%
Arena, Adige, Romeo & JulietVerona
76%
Macchiavelli, Renaissance, UffiziFlorence
68%
Fiat, 2006 Winter Olympics, ShroudTurin
68%
Columbus, Maritime Republic, PestoGenoa
66%
Coffee, Slovenia, AdriaticTrieste
64%
Prosciutto, Parmesan, VerdiParma
63%
Heel of Italy, Saint Nicholas, OrecchieteBari
61%
Lake, Switzerland, VoltaComo
60%
Balsamic Vinegar, Pavarotti, FerrariModena
56%
Duccio, Palio, TuscanySiena
51%
Arlecchino, Lombardy, AtalantaBergamo
40%
Resort town, Fellini, AdriaticRimini
38%
Mosaic, Dante, AdriaticRavenna
34%
Spritz, Prato della Valle, Taming of the ShewPadua
26%
Riace, 1908 Earthquake, BergamotReggio Calabria
15%

Score Distribution

Percentile by Number Answered

Percent of People with Each Score

Your Score History

You have not taken this quiz